Word Ladder: Ultimate Mystery Bond Quiz Stats

 Plays Quiz Updated Jun 30, 2014

Support Sporcle.
Go Orange.
Score 0/22 Timer 03:00
0 Plays Today
HINT 4-LETTER WORD % Correct
Barbed ____ fenceWIRE
97.3%
Umbilical or extension, e.g.CORD
94.8%
Fail to strike the targetMISS
93.3%
At a ____ for wordsLOSS
93.2%
Hen hostelCOOP
92%
Business abrev.CORP
91.7%
'At The Car ____'WASH
89.4%
✖ GENE SIMMON'S BAND ✖✖ KISS ✖
88.6%
ModelledWORE
85.4%
✖ GENIE'S BOON ✖✖ WISH ✖
84.8%
✖ RUNG FILLER ✖✖ WORD ✖
83.8%
HINT 4-LETTER WORD % Correct
SagaciousWISE
83.7%
American headset makerKOSS
82%
Equestrian whipCROP
80%
✖ ____ DEAD FRED ✖✖ DROP ✖
78.6%
It might be criticalMASS
71.4%
Hawkeye's outfitM*A*S*H
65.6%
✖ SUCK AIR ✖✖ GASP ✖
60.4%
Ragged cutGASH
60.4%
Dharma Initiative showLOST
57.7%
Lisbeth Salander's other tatWASP
57.4%
✖ COMMON BOND ✖✖ LAST ✖
34.7%

Today's Daily Dose

Word Ladder
GOT7 Songs

Quick Pick
Women Comedians

Get the Picture
Collectibles

From the Vault

Anything but Asia

by Indonesian_

Poor Asia, what did it do to deserve this?
Remove Ads.
Support Sporcle.
Get the best of Sporcle when you Go Orange. This ad-free experience offers more features, more stats, and more fun while also helping to support Sporcle. Thank you for becoming a member.

Show Comments

Extras

Top Quizzes Today


Score Distribution

Your Account Isn't Verified!

In order to create a playlist on Sporcle, you need to verify the email address you used during registration. Go to your Sporcle Settings to finish the process.

Report this User

Report this user for behavior that violates our Community Guidelines.

Details: